000 01830nam a22002537a 4500
005 20250718130601.0
007 cr
008 250718b ||||| |||| 00| 0 spa d
020 _a978-631-00-7388-0
040 _aAR-FvUNAJ
_dAR-FvUNAJ
_eaacr2
100 1 _921604
_aDiez Tetamanti, Juan Manuel
245 1 0 _aExperiencias cartográficas /
_cOrganizadores Juan Manuel Diez Tetamanti, Iliana Araya Ramírez
260 _aCiudad Autónoma de Buenos Aires :
_bMargen,
_c2025.
300 _a2 vols.
_bdigital
520 _aLa cartografía, en sus diversas expresiones aquí presentadas, se configura como una herramienta poderosa y transformadora, capaz de resignificar y reescribir nuestras relaciones en el territorio. La cartografía es un arte porque requiere habilidades y se materializa en diferentes objetos y textos. Pero también es un método, que se escribe sobre un calco difuso que siempre está al acecho de producir algo nuevo. Ambos volúmenes incluyen 25 artículos redactados por profesionales de diversos países. La diversidad de perspectivas y metodologías que se abordan invita a replantear nuestras maneras de habitar y comprender los territorios desde enfoques interdisciplinarios y colectivos. Intentamos aquí dar continuidad a las conversaciones de metodologías y modos de hacer, explorando nuevas formas de mapear, pensar y crear desde y con los territorios que habitamos.
650 0 _2unescot
_97077
_aCARTOGRAFIA
650 0 _2unescot
_98542
_aTERRITORIO
650 0 _2unescot
_96677
_aURBANISMO
700 1 _921605
_aAraya Ramírez, Iliana
856 _uhttps://www.margen.org/epub/Experiencias_Cartograficas2_tomo1.pdf
_yv.1
856 _uhttps://www.margen.org/epub/Experiencias_Cartograficas2_tomo2.pdf
_yv.2
942 _2ddc
_cLIBRO DIGI
980 _62
_aVirginia Figueroa
_82
_gVirginia Figueroa
999 _c11031
_d11031